Things that begin with P - Statistics

General Stats
  • This quiz has been taken 148 times
    119 since last reset
  • The average score is 12 of 15
Answer Stats
Hint Answer % Correct
Capital of France Paris
99%
Meat that comes from a pig Pork
94%
Head of the Catholic Church Pope
93%
Mix of red and white Pink
92%
Artwork of someone, usually their face Portrait
92%
Process of plants get their energy Photosynthesis
89%
Uncontrollable fear of something Phobia
88%
Chart of chemical elements Periodic Table
87%
Used to call other people Phone
83%
National animal of China Panda
82%
File type PDF | PNG
74%
Possibly the 51st state of the USA Puerto Rico
70%
Programming language Pascal | Perl | PHP | +6 more
59%
A fruit associated with yellow Pineapple
57%
Communist dictator of Kampuchea Pol Pot
48%
No matching quizzes found
Score Distribution
Percent of People with Each Score
Percentile by Number Answered
Your Score History
You have not taken this quiz since the last reset